[Event "WALTON 40th BAN-ch U20 Open 2022"]
[Site "Dhaka"]
[Date "2022.02.21"]
[Round "7.7"]
[White "Sajib, Das"]
[Black "Justin Matthias Baroi"]
[Result "0-1"]
[WhiteElo "1816"]
[BlackElo "1575"]
[Annotator "NA RC"]
[PlyCount "186"]
[EventDate "2022.02.15"]
[EventType "swiss"]
[EventCountry "BAN"]
[SourceTitle "playchess.com"]
[Source "ChessBase"]
[SourceQuality "1"]
[TimeControl "5400+30"]

1. e4 {[%emt 0:10:37]} e6 {[%emt 0:00:20]} 2. d3 {[%emt 0:00:21]} d5 {[%emt 0:00:29]} 3. Nd2 {[%emt 0:00:03]} c5 {[%emt 0:01:16]} 4. Ngf3 {[%emt 0:00:06]} Nc6 {[%emt 0:00:16]} 5. g3 {[%emt 0:00:04]} Nf6 {[%emt 0:00:37]} 6. Bg2 {[%emt 0:00:14]} dxe4 {[%emt 0:00:29]} 7. dxe4 {[%emt 0:00:04]} e5 {[%emt 0:00:58]} 8. O-O {[%emt 0:00:10]} b5 {[%emt 0:00:53]} (8... Be6 $11 {remains equal.}) 9. Re1 {[%emt 0:00:19]} (9. a4 $16 b4 10. Nc4) 9... Bg4 {[%emt 0:00:57]} 10. h3 {[%emt 0:00:42]} Bh5 {[%emt 0:01:10]} 11. c3 {[%emt 0:01:01]} Bd6 {[%emt 0:01:40]} (11... Be7 $14) 12. Qc2 {[%emt 0:00:48]} (12. g4 $16 Bg6 13. g5) 12... Qb6 {[%emt 0:02:12]} (12... O-O $142) 13. a4 {[%emt 0:00:30]} ({White should try} 13. g4 Bg6 14. a4) 13... O-O {[%emt 0:03:21]} (13... Bxf3 $16 14. Bxf3 (14. Nxf3 b4 $16) 14... b4) 14. Nf1 {[%emt 0:01:09]} (14. Qd3 $18) 14... h6 {[%emt 0:02:11]} ({Black should try} 14... b4 $14) 15. g4 {[%emt 0:07:42]} Bg6 {[%emt 0:00:38]} 16. Ng3 {[%emt 0:00:03]} ({Resist} 16. Qd3 Na5 $14) ({White should play} 16. axb5 $16 Qxb5 17. Nh4) 16... a6 {[%emt 0:09:55]} 17. Nh4 {[%emt 0:09:33]} ({Better is} 17. Nf5 $16 Bxf5 18. exf5) 17... Rae8 {[%emt 0:03:12]} (17... c4 $11) 18. g5 {[%emt 0:02:11]} hxg5 {[%emt 0:02:37]} 19. Bxg5 {[%emt 0:00:03]} Re6 {[%emt 0:03:48]} (19... Be7 $1 $14) 20. axb5 {[%emt 0:05:11]} axb5 {[%emt 0:00:19]} 21. Red1 {[%emt 0:02:19]} (21. Nxg6 $16 fxg6 22. Be3) 21... Ne7 {[%emt 0:05:28]} (21... c4 $14) 22. Ngf5 {[%emt 0:03:54]} (22. Nhf5 $142 Re8 23. c4) 22... Bb8 $2 {[%emt 0:03:06]} (22... Nc8 $16 {is more resistant.}) 23. Rd3 $2 {[%emt 0:16:33]} (23. Bxf6 $18 gxf6 24. Rd7) 23... Bxf5 {[%emt 0:02:48]} 24. exf5 {[%emt 0:03:18]} Rd6 {[%emt 0:05:50]} 25. Rg3 {[%emt 0:07:46]} Rfd8 {[%emt 0:11:25]} 26. Qe2 {[%emt 0:02:26]} (26. Bxf6 $142 Rxf6 27. Be4) 26... Ned5 {[%emt 0:12:40]} 27. Bxd5 {[%emt 0:03:18]} ({Don't blunder} 27. Qxe5 $2 Re8 28. Qxe8+ (28. Bxf6 $2 Nxf6 29. Qxe8+ Nxe8 $19) 28... Nxe8 $19) 27... Rxd5 {[%emt 0:00:31]} 28. Bh6 {[%emt 0:00:24]} Ne8 {[%emt 0:00:30]} 29. f6 $2 {[%emt 0:07:10]} (29. Bg5 $1 $11 {and White has nothing to worry.}) 29... e4 $1 {[%emt 0:07:41]} ({Weaker is} 29... Qxf6 30. Bg5 Qe6 31. Bxd8 Rxd8 32. Rd3 $16 (32. Qxb5 e4 $11)) 30. Rg2 $2 {[%emt 0:05:39]} (30. Rg4 Qxf6 31. Be3) 30... Qxf6 {[%emt 0:01:43]} 31. Bxg7 {[%emt 0:04:16]} Nxg7 {[%emt 0:00:39]} 32. Qg4 {[%emt 0:00:28]} Bf4 {[%emt 0:04:17]} 33. Kh1 {[%emt 0:04:34]} Rg5 {[%emt 0:01:05]} 34. Qe2 {[%emt 0:00:37]} Rxg2 {[%emt 0:01:18]} 35. Nxg2 {[%emt 0:00:03]} Bb8 {[%emt 0:02:11]} 36. Qxe4 {[%emt 0:01:22]} Qe5 {[%emt 0:00:24]} 37. Qxe5 {[%emt 0:00:27]} Bxe5 {[%emt 0:00:06]} 38. f4 {[%emt 0:00:19]} Bf6 {[%emt 0:00:34]} 39. Ra6 {[%emt 0:00:19]} Ne8 {[%emt 0:01:22]} 40. Rb6 {[%emt 0:00:14]} b4 {[%emt 0:02:47]} 41. Rc6 {[%emt 0:00:33]} bxc3 {[%emt 0:00:47]} 42. bxc3 {[%emt 0:00:16]} Be7 {[%emt 0:01:09]} 43. Kg1 {[%emt 0:01:01]} Rd1+ {[%emt 0:01:42]} 44. Kf2 {[%emt 0:00:07]} Rd2+ {[%emt 0:00:14]} 45. Kf3 {[%emt 0:00:55]} Rd3+ {[%emt 0:00:10]} 46. Ne3 {[%emt 0:00:49]} Rxc3 {[%emt 0:01:09]} 47. Rc8 {[%emt 0:00:11]} Kf8 {[%emt 0:00:30]} 48. Ke4 {[%emt 0:00:11]} Rc1 {[%emt 0:01:16]} 49. Nd5 {[%emt 0:00:34]} Re1+ {[%emt 0:00:14]} 50. Kf5 {[%emt 0:01:13]} c4 {[%emt 0:00:51]} 51. Nc7 {[%emt 0:00:40]} Bd6 {[%emt 0:00:34]} 52. Nxe8 {[%emt 0:00:28]} Rxe8 {[%emt 0:00:04]} 53. Rxc4 {[%emt 0:00:03]} Kg7 {[%emt 0:00:32]} 54. Kg5 {[%emt 0:00:22]} Re3 {[%emt 0:01:29]} 55. Kg4 {[%emt 0:00:28]} Re1 {[%emt 0:00:37]} 56. Rd4 {[%emt 0:00:32]} Rg1+ {[%emt 0:00:15]} 57. Kf3 {[%emt 0:00:06]} Bb8 {[%emt 0:00:32]} 58. Rb4 {[%emt 0:00:05]} Bd6 {[%emt 0:00:34]} 59. Rd4 {[%emt 0:00:07]} Bc5 {[%emt 0:00:17]} 60. Rc4 {[%emt 0:00:32]} Be7 {[%emt 0:00:10]} 61. Re4 {[%emt 0:00:21]} Bf6 {[%emt 0:00:15]} 62. Kf2 {[%emt 0:00:36]} Rg6 {[%emt 0:01:45]} 63. Ra4 {[%emt 0:00:16]} Bh4+ {[%emt 0:00:28]} 64. Kf1 {[%emt 0:01:01]} Rg3 {[%emt 0:00:42]} 65. f5 {[%emt 0:01:51]} Bf6 {[%emt 0:00:28]} 66. Kf2 {[%emt 0:01:02]} Rxh3 {[%emt 0:00:14]} 67. Rg4+ {[%emt 0:00:15]} Kf8 {[%emt 0:00:19]} 68. Ra4 {[%emt 0:00:10]} Rh5 {[%emt 0:00:29]} 69. Ra5 {[%emt 0:00:32]} Bd4+ {[%emt 0:00:24]} 70. Kf3 {[%emt 0:00:03]} f6 {[%emt 0:00:36]} 71. Kg4 {[%emt 0:01:43]} Rg5+ {[%emt 0:00:07]} 72. Kf4 {[%emt 0:00:58]} Kg7 {[%emt 0:00:55]} 73. Rd5 {[%emt 0:00:15]} Bb2 {[%emt 0:00:54]} 74. Rb5 {[%emt 0:00:26]} Bc1+ {[%emt 0:00:43]} 75. Ke4 {[%emt 0:00:25]} Kh6 {[%emt 0:00:22]} 76. Rb1 {[%emt 0:00:34]} Ba3 {[%emt 0:00:43]} 77. Ra1 {[%emt 0:00:36]} Bb2 {[%emt 0:00:31]} 78. Rb1 $19 {[%emt 0:00:31]} Be5 {[%emt 0:00:09]} 79. Rh1+ {[%emt 0:00:57]} Kg7 {[%emt 0:00:09]} 80. Rb1 {[%emt 0:00:21]} Rg4+ {[%emt 0:00:21]} 81. Kd5 {[%emt 0:00:18]} Rf4 {[%emt 0:00:34]} 82. Ke6 {[%emt 0:00:10]} Rh4 {[%emt 0:01:43]} 83. Rb7+ {[%emt 0:00:23]} Kh6 {[%emt 0:00:22]} 84. Rb1 {[%emt 0:00:31]} Rg4 {[%emt 0:01:28]} 85. Rb7 {[%emt 0:01:00]} Rg8 {[%emt 0:00:36]} 86. Rb1 {[%emt 0:00:21]} Rg4 {[%emt 0:00:32]} 87. Rb7 {[%emt 0:00:09]} Rd4 {[%emt 0:00:13]} 88. Rb1 {[%emt 0:01:24]} Rd6+ {[%emt 0:00:20]} 89. Kf7 {[%emt 0:00:20]} Kg5 {[%emt 0:00:09]} 90. Rf1 {[%emt 0:01:21]} Bf4 {[%emt 0:00:23]} 91. Ke7 {[%emt 0:00:41]} Rb6 {[%emt 0:00:26]} 92. Kd7 {[%emt 0:00:32]} Kxf5 {[%emt 0:00:12]} 93. Rg1 {[%emt 0:00:35]} Rb3 {[%emt 0:01:03]} 0-1

[Event "WALTON 40th BAN-ch U20 Open 2022"]
[Site "Dhaka"]
[Date "2022.02.21"]
[Round "7.8"]
[White "Sajidul, Haque"]
[Black "Mortuza Muhtadi, Islam"]
[Result "1/2-1/2"]
[WhiteElo "1766"]
[BlackElo "1485"]
[Annotator "NA RC"]
[PlyCount "156"]
[EventDate "2022.02.15"]
[EventType "swiss"]
[EventCountry "BAN"]
[SourceTitle "playchess.com"]
[Source "ChessBase"]
[SourceQuality "1"]
[TimeControl "5400+30"]

1. e4 {[%emt 0:00:05]} d5 {[%emt 0:00:07]} 2. exd5 {[%emt 0:00:08]} Nf6 {[%emt 0:00:05]} 3. d4 {[%emt 0:01:10]} Bg4 {[%emt 0:00:20]} 4. f3 {[%emt 0:03:08]} Bf5 {[%emt 0:00:04]} 5. Bb5+ {[%emt 0:03:04]} c6 {[%emt 0:08:05]} 6. dxc6 {[%emt 0:00:48]} bxc6 {[%emt 0:00:19]} 7. Bd3 {[%emt 0:01:50]} Bxd3 {[%emt 0:01:35]} 8. Qxd3 {[%emt 0:00:04]} e6 {[%emt 0:01:38]} 9. Nd2 {[%emt 0:03:55]} Be7 {[%emt 0:01:31]} 10. Ne4 {[%emt 0:00:43]} O-O {[%emt 0:00:15]} 11. Ne2 {[%emt 0:00:29]} Nxe4 {[%emt 1:22:01]} 12. fxe4 {[%emt 0:00:13]} c5 {[%emt 0:00:00]} 13. c3 {[%emt 0:01:36]} Nc6 {[%emt 0:00:00]} 14. O-O {[%emt 0:04:30]} cxd4 {[%emt 0:00:00]} 15. cxd4 {[%emt 0:00:46]} Nb4 {[%emt 0:00:00]} 16. Qd2 {[%emt 0:11:26]} Rc8 {[%emt 0:00:00]} 17. Nc3 {[%emt 0:02:43]} Qb6 {[%emt 0:00:00]} 18. Kh1 {[%emt 0:05:13]} Rfd8 {[%emt 0:00:00]} 19. Qf2 {[%emt 0:00:39]} f6 {[%emt 0:00:00]} 20. Rd1 {[%emt 0:01:48]} Rc7 {[%emt 0:00:00]} 21. a3 {[%emt 0:03:31]} Nc6 {[%emt 0:00:00]} 22. Be3 {[%emt 0:00:19]} Qb3 {[%emt 0:00:00]} 23. d5 {[%emt 0:02:24]} Ne5 {[%emt 0:00:00]} 24. Bf4 {[%emt 0:11:47]} Bc5 {[%emt 0:00:00]} 25. Qg3 {[%emt 0:01:23]} Qxb2 {[%emt 0:00:00]} 26. Na4 {[%emt 0:02:24]} Qf2 {[%emt 0:00:00]} 27. Nxc5 {[%emt 0:03:32]} Qxg3 {[%emt 0:00:00]} 28. Bxg3 {[%emt 0:05:15]} Rxc5 {[%emt 0:00:00]} 29. Bxe5 {[%emt 0:00:26]} fxe5 {[%emt 0:00:00]} 30. dxe6 {[%emt 0:00:08]} Rdc8 {[%emt 0:00:00]} 31. Kg1 {[%emt 0:03:03]} R5c6 {[%emt 0:00:00]} 32. e7 {[%emt 0:03:16]} Re8 {[%emt 0:00:00]} 33. Rd7 {[%emt 0:02:50]} a6 {[%emt 0:00:00]} 34. Rad1 {[%emt 0:09:12]} Kf7 {[%emt 0:00:45]} 35. R1d6 {[%emt 0:01:29]} Rc1+ {[%emt 0:00:16]} 36. Kf2 {[%emt 0:00:01]} Rc2+ {[%emt 0:00:19]} 37. Kf1 {[%emt 0:00:33]} Rc1+ {[%emt 0:00:20]} 38. Ke2 {[%emt 0:00:10]} Rc2+ {[%emt 0:00:04]} 39. Rd2 {[%emt 0:02:02]} Rxd2+ {[%emt 0:00:08]} 40. Kxd2 {[%emt 0:00:03]} Rxe7 {[%emt 0:00:06]} 41. Rd5 {[%emt 0:03:19]} Ke6 {[%emt 0:03:10]} 42. Kc3 {[%emt 0:02:15]} Rd7 {[%emt 0:03:31]} 43. Ra5 {[%emt 0:00:01]} Rd6 {[%emt 0:01:01]} 44. Rc5 {[%emt 0:00:40]} Rd4 {[%emt 0:02:48]} 45. Rc7 {[%emt 0:00:38]} Rd7 {[%emt 0:00:11]} 46. Rc4 {[%emt 0:01:01]} Kd6 {[%emt 0:02:07]} 47. Ra4 {[%emt 0:01:00]} Rc7+ {[%emt 0:00:11]} 48. Kd3 {[%emt 0:00:59]} Rc6 {[%emt 0:00:24]} 49. Ra5 {[%emt 0:00:19]} Ke6 {[%emt 0:00:24]} 50. a4 {[%emt 0:00:33]} Rd6+ {[%emt 0:01:28]} 51. Kc3 {[%emt 0:00:36]} Rc6+ {[%emt 0:00:26]} 52. Kb3 {[%emt 0:00:35]} Rb6+ {[%emt 0:00:14]} 53. Kc3 {[%emt 0:00:47]} Rc6+ {[%emt 0:02:00]} 54. Kd3 {[%emt 0:00:01]} Rd6+ {[%emt 0:00:11]} 55. Ke3 {[%emt 0:00:01]} Rb6 {[%emt 0:00:26]} 56. h4 {[%emt 0:00:59]} Rd6 {[%emt 0:00:21]} 57. Rc5 {[%emt 0:01:05]} h6 {[%emt 0:00:23]} 58. Rc7 {[%emt 0:01:14]} Kf6 {[%emt 0:00:43]} 59. a5 {[%emt 0:00:24]} g6 {[%emt 0:00:23]} 60. h5 {[%emt 0:01:56]} Kg5 {[%emt 0:00:41]} 61. hxg6 {[%emt 0:00:20]} Kxg6 {[%emt 0:00:02]} 62. Rb7 {[%emt 0:00:21]} Kf6 {[%emt 0:00:33]} 63. Kf3 {[%emt 0:00:57]} Kg5 {[%emt 0:00:50]} 64. Rb6 {[%emt 0:00:57]} Rf6+ {[%emt 0:00:28]} 65. Ke3 {[%emt 0:00:43]} h5 {[%emt 0:00:41]} 66. Kd3 {[%emt 0:02:13]} Rf2 {[%emt 0:00:49]} 67. Rxa6 {[%emt 0:00:57]} Rxg2 {[%emt 0:00:01]} 68. Ra8 {[%emt 0:00:53]} Ra2 {[%emt 0:00:10]} 69. Kc4 {[%emt 0:00:38]} h4 {[%emt 0:00:17]} 70. Kd5 {[%emt 0:00:20]} Kf4 {[%emt 0:02:38]} 71. Rf8+ {[%emt 0:01:12]} Ke3 {[%emt 0:00:00]} 72. Ra8 {[%emt 0:00:00]} Kf4 {[%emt 0:00:00]} 73. a6 h3 {[%emt 0:01:30]} 74. Re8 {[%emt 0:00:52]} Ke3 {[%emt 0:00:30]} 75. Rh8 {[%emt 0:00:36]} Ra5+ {[%emt 0:00:00]} 76. Ke6 {[%emt 0:00:14]} Rxa6+ {[%emt 0:00:00]} 77. Kxe5 {[%emt 0:00:07]} Ra5+ {[%emt 0:00:00]} 78. Kd6 {[%emt 0:00:22]} Kxe4 {[%emt 0:02:00]} 1/2-1/2

[Event "WALTON 40th BAN-ch U20 Open 2022"]
[Site "Dhaka"]
[Date "2022.02.22"]
[Round "8.1"]
[White "Zia, Tahsin Tajwar"]
[Black "Subrota, Biswas"]
[Result "0-1"]
[WhiteElo "2283"]
[BlackElo "2202"]
[Annotator "TA"]
[PlyCount "143"]
[EventDate "2022.02.15"]
[EventType "swiss"]
[EventCountry "BAN"]
[SourceTitle "playchess.com"]
[Source "ChessBase"]
[SourceQuality "1"]

{[%evp 9,143,0,4,-7,0,-10,-8,-22,0,0,-2,0,7,-21,-9,-24,-6,-10,22,8,8,8,8,9,9,13,7,7,49,39,50,54,50,-9,-8,-10,-14,-6,0,0,0,0,0,0,18,16,108,112,117,0,9,19,32,28,23,31,25,0,0,0,34,21,102,99,118,99,92,106,99,106,108,118,362,341,269,62,56,15,104,65,120,127,131,137,151,135,140,63,27,19,70,-12834,-12835,-12835,-12835,-12836,-12836,-12837,-12837,-12833,-118,-12836,0,0,0,-12836,-12836,-12837,-12836,-29982,-29983,-29983,-29984,-12845,-12845,-29989,-29990,-29992,-29993,-29993,-12845,-12845,-12842,-12843,-12841,-12841,-12842,-12842,-12842,-12842,-12843,-12844,-12844,-12846,-12847,-12847]} 1. Nf3 Nf6 2. b3 d5 3. Bb2 Bf5 4. e3 h6 5. Be2 e6 6. d3 {A06: Réti Opening: 1 Nf3 d5.} Nbd7 7. Nbd2 {[%cal Bb1d2,Bd2f1,Bf1g3][%mdl 32]} Bd6 8. a3 {[#] The position is equal.} a5 $146 ({Predecessor:} 8... c6 9. e4 dxe4 10. dxe4 Bxe4 11. Nxe4 Nxe4 12. Bxg7 Rg8 13. Qd4 Nxf2 14. Qxd6 Nxh1 {1-0 (58) Fejzovski,E (2123)-Morel,J (1925) Pau 2007}) 9. O-O O-O 10. Re1 e5 11. Nf1 (11. e4 $5 dxe4 12. dxe4 Bxe4 13. Nxe4 Nxe4 14. Bc4 $11) 11... Re8 12. Ng3 Bg4 13. e4 dxe4 14. dxe4 Nh5 15. Nxh5 Bxh5 16. Nd2 Bg6 17. Nc4 Bc5 {[%cal Od8h4]} 18. Bg4 Nf6 (18... Qh4 $11 {is more appropriate.} 19. Bxd7 Bxf2+ 20. Kf1 (20. Kh1 Rad8 $15) 20... Re7) 19. Bf3 $14 Nd7 20. Qd2 Nb6 21. Qe2 (21. Qxd8 $14 Raxd8 22. Nxa5 (22. Nxe5 Rd2 $14)) 21... Nxc4 $11 22. Qxc4 Qe7 23. Red1 c6 24. a4 Rad8 25. g3 b6 26. Kg2 Rxd1 27. Rxd1 Rd8 (27... Kh8 $11 {remains equal.}) 28. Rxd8+ $16 Qxd8 29. Bc3 {Prevents Qd2.} (29. Bxe5 $16 Qd2 30. Be2) 29... Qd6 $11 30. h4 Kf8 31. h5 Bh7 32. Qa6 $36 {[%mdl 2048] White has some pressure.} Qb8 {To avoid Qa8} 33. Qd3 Qd6 {To avoid Qd7} 34. Qa6 Qb8 {Inhibits Qc8+.} 35. Be1 f6 (35... g5 $11) 36. c3 $1 $16 {[%cal Bc2c3,Bc3b4,Bb4b5][%mdl 32]} Bg8 37. b4 axb4 38. cxb4 Bd4 39. Bg4 {Prevents Be6.} Ke7 40. a5 $1 Bf7 $2 (40... Bh7 $16 {is a better defense.}) 41. b5 $18 Bc4 42. axb6 $2 (42. Bb4+ $1 $18 Kf7 43. axb6 Bxb6 44. Be2 $1 {[%mdl 512]}) 42... Bxb6 $14 43. Qa3+ (43. Bb4+ $14 {feels stronger.} c5 44. Bd2) 43... Qd6 (43... c5 $11) 44. Qa8 cxb5 (44... c5 $1 $14) 45. Qh8 $1 $16 Bf7 46. Qxg7 Bc5 (46... b4 $2 47. Bf5 (47. Qxh6 b3 $16) 47... Bc5 48. Bg6 $18 (48. Qxh6 b3 $11)) 47. Qxh6 {Threatens to win with Qh7.} Qd3 48. Bf3 ({Better is} 48. Qh7 $16 Qb1 49. h6 $1 Qxe1 50. Qf5) 48... b4 $14 49. Qg7 {h6 is the strong threat.} Qb1 (49... Qd8 $11) 50. Kf1 $2 {[%mdl 8192]} (50. Bd2 $14 Qc2 51. Be2 $1 (51. Be1 Qb1 $16)) 50... b3 $19 51. h6 b2 {[%cal Ob1e1] ( -> ...Qxe1+!)} 52. h7 {[#]} Qxe1+ $1 {[%mdl 576] Clearance, Promotion} 53. Kxe1 b1=Q+ 54. Bd1 Qb2 $2 (54... Bb4+ $2 55. Kf1 Qxd1+ 56. Kg2 $18) (54... Qxe4+ $19 55. Kf1 Qh1+ 56. Ke2 Qe4+ 57. Kf1 Qf5) 55. Be2 $2 {[%mdl 8192] [#]} (55. Bh5 $17 Qxf2+ 56. Kd1 Qd4+ 57. Kc2 Qxe4+ 58. Kd1 Qd4+ 59. Ke2 Qf2+ 60. Kd1 Qg1+ 61. Kc2 Qh2+ 62. Kc3 (62. Kd3 {is a self mate.} e4+ 63. Kxe4 Qxh5 64. Kf4 Qe5+ 65. Kf3 Qe3+ 66. Kg2 Qg1+ 67. Kh3 Qh1+ 68. Kg4 f5+ 69. Kxf5 Qf3+ 70. Ke5 Qc3+ 71. Ke4 Qxg7 72. h8=B Qxh8 73. Kf3 Be6 74. Ke2 Qc3 75. Kf1 Qf3+ 76. Ke1 Bb4#) 62... Bd4+ 63. Kb4 Qb2+ 64. Ka5 Qc3+ 65. Kb5 Qc5+ 66. Ka4 Qc4+ 67. Ka5 Qd5+ 68. Kb4 Qd6+ 69. Kb5 Qb8+ 70. Ka4 Qa7+ 71. Kb5 Qc5+ 72. Ka4 Qc4+ 73. Ka5 Qd5+ 74. Kb4 Qb7+ 75. Ka4 Qa8+ 76. Kb4 Qb8+ 77. Ka4 Qe8+ 78. Ka3 Qa8+ 79. Kb4 Qb8+ 80. Ka4) 55... Qc1+ $2 ({Black should play} 55... Qa1+ $1 $19 56. Kd2 Qd4+ 57. Kc2 Bb4 58. Qxf7+ Kxf7) 56. Bd1 $11 Qb2 $2 {[%mdl 8192]} (56... Bb4+ $2 57. Kf1 Qxd1+ 58. Kg2 $18) (56... Qc4 $11 57. Be2 Qc1+ 58. Bd1 Qb2 59. Qxf6+ Kxf6 60. h8=Q+ Ke7 61. Qh4+ Kd7) 57. Be2 $1 $19 {[#] Black keeps a firm grip on the game.} Qa1+ $1 58. Bd1 Qd4 {[%csl Gc5,LRe4,LRf2][%cal Rd4f2]} 59. Qxf6+ Kxf6 {[%csl Gc5][%cal Rd4f2]} 60. h8=Q+ Ke7 {[%csl Gc5][%cal Rd4f2]} 61. Qh4+ Kd7 {[%csl Gc5][%cal Rd4f2]} 62. Bg4+ Kc7 63. Qf6 Qxe4+ 64. Kf1 Bc4+ (64... Qh1+ $142 65. Ke2 Bc4+ 66. Kd2 Qd5+ 67. Kc3 Qd3+ 68. Kb2 Ba3+ 69. Ka1 Qf1+ 70. Bd1 Qxd1#) 65. Kg1 {Black is clearly winning.} Qe1+ 66. Kh2 Qxf2+ 67. Qxf2 Bxf2 68. Kg2 Bd4 69. Bf5 Bd5+ 70. Kf1 Bf3 71. g4 Be3 72. Ke1 {Weighted Error Value: White=0.48/Black=0.40} 0-1

[Event "WALTON 40th BAN-ch U20 Open 2022"]
[Site "Dhaka"]
[Date "2022.02.22"]
[Round "8.2"]
[White "Manon, Reja Neer"]
[Black "Swarnavo Choudhury"]
[Result "1/2-1/2"]
[WhiteElo "2209"]
[BlackElo "1945"]
[Annotator "TA"]
[PlyCount "159"]
[EventDate "2022.02.15"]
[EventType "swiss"]
[EventCountry "BAN"]
[SourceTitle "playchess.com"]
[Source "ChessBase"]
[SourceQuality "1"]

{[%evp 12,159,16,17,45,32,52,40,76,24,33,26,26,27,48,33,54,47,51,54,105,82,96,72,118,129,152,131,152,154,140,89,105,87,218,111,236,152,121,137,192,105,137,151,208,108,115,44,47,50,54,41,38,51,47,24,68,74,71,64,73,73,72,67,74,70,94,67,147,143,145,138,163,147,201,115,104,96,99,90,125,113,127,133,156,156,156,119,168,80,94,84,130,98,211,162,150,60,63,83,218,181,352,262,282,303,310,285,257,257,236,156,119,0,0,0,0,0,0,0,0,0,0,0,0,0,0,0,0,0,0,0,0,0,0,0,0,0,0,0,0,0,0,0,0,0,0,-29995,0,0]} 1. Nf3 Nf6 2. b3 g6 3. Bb2 Bg7 4. e3 O-O 5. c4 c6 6. Be2 d5 7. O-O a5 {A12: English Opening: 1...c6 with b3 by White.} 8. d3 Bf5 {[#]} 9. Nbd2 $146 ({Predecessor:} 9. Nc3 Na6 10. Na4 b5 11. cxb5 cxb5 12. Nc3 b4 13. Na4 Bd7 14. Rc1 Bxa4 15. bxa4 {½-½ (88) Slaba,A (1921)-Puchart,V (2076) Slovakia 2018}) 9... a4 {White is slightly better.} 10. Nh4 (10. bxa4 $16 Qa5 11. h3) 10... Be6 11. b4 a3 12. Bc3 Nbd7 13. Rb1 Nb6 14. Rb3 dxc4 15. dxc4 Ra4 (15... Na4 $14) 16. Bd4 Nfd7 17. Qc1 Ne5 (17... f6 $142) 18. Rd1 $16 Qc7 19. f4 (19. Rxa3 Rxb4 20. f4 Nbxc4 $14) 19... Ng4 20. Bxg7 Kxg7 21. Nhf3 (21. Rxa3 Rxa3 22. Qxa3 Ra8 23. Qc3+ f6 $16) (21. Ne4 $142) 21... c5 22. bxc5 (22. Rxa3 $6 cxb4 23. Rb3 Nf6 $11) 22... Qxc5 (22... Nd7 $16) 23. Qc3+ (23. Nd4 $18 Bd7 24. Qb1) 23... Kg8 (23... Nf6 $16 {was necessary.}) 24. Qd4 Nd7 25. Rxb7 Qc6 (25... Ngf6 $16 26. Rdb1 Qd6) 26. Rbb1 (26. Rdb1 $18) 26... Rc8 27. Ng5 Nc5 {[#]} (27... h5 $16 28. Bf3 Qd6 29. Qxd6 exd6 30. Nxe6 fxe6) 28. h3 {Chess con chili.} (28. Nb3 $1 $18 {[%cal Rb3c5]} Nf6 29. Nxc5 Qxc5 30. Qxc5 Rxc5 31. Rd8+ Kg7 32. Nxe6+ fxe6 33. g4) 28... Nf6 29. e4 {Inhibits Bf5.} (29. Ndf3 $16) 29... h6 $14 30. Nxe6 Nxe6 31. Qe3 Qc5 32. Qxc5 Nxc5 33. e5 (33. Bf3 {seems wilder.} Nd3 34. f5 Nb2 35. Re1 e6 36. fxe6 fxe6 37. e5) 33... Nfe4 (33... Nh5 $1 $11) 34. Nxe4 Nxe4 35. Rb3 $36 {[%mdl 2048] Inhibits Nc3. White has good play.} Nc5 36. Rb5 {White is more active.} Kg7 37. Kh2 Ne4 {Threatens to win with ...Nc3.} 38. Rc1 {Prevents Nc3.} Nc5 39. Kg3 Ra7 (39... Ne4+ $14 40. Kh2 Ra7) 40. Kf3 f6 41. Ke3 Rd7 42. Ra5 Ne6 (42... h5 $16 43. Rd1 (43. Rxa3 Rdc7 $16) 43... Rxd1 44. Bxd1 fxe5) 43. exf6+ ({Don't play} 43. Rxa3 $6 fxe5 44. g3 (44. fxe5 Rc5 $14) (44. Bg4 exf4+ 45. Ke4 Ng5+ 46. Ke5 Rc5+ 47. Kxf4 Rd2 $11) 44... exf4+ 45. gxf4 Rd6 $16) (43. Bg4 $18 f5 44. Bf3) 43... exf6 $16 44. Rxa3 Re8 45. Bf1 Nc5+ 46. Kf2 Rd2+ 47. Kg1 Re7 48. Ra5 Rc7 49. Rb1 Ne6 (49... Rc2 $16 50. Ra8 h5) 50. Rb6 (50. Ra8 $18) 50... Nxf4 51. Raa6 Rf7 ({Better is} 51... Rd1) 52. a4 {[%cal Ba2a4,Ba4a5][%mdl 32]} Rc2 (52... g5 $16 {was called for.}) 53. a5 $18 g5 54. Rd6 (54. Rb1 $16) 54... Re7 $14 55. Rd1 {To avoid Re1. Black must now prevent Ra8.} ({Don't go for} 55. Rxf6 $2 Re1 56. Rxf4 gxf4 57. Ra7+ Kf6 $19) 55... Ne2+ {[#]} (55... h5 $16) 56. Kh2 $1 $18 ({Inferior is} 56. Bxe2 Rexe2 57. Kh1 Rxg2 58. Rd7+ Kg6 $17) 56... h5 $2 (56... Nf4 57. Ra1 f5) 57. Re1 g4 {( -> ...g3+)} 58. hxg4 hxg4 59. Rxe2 Rexe2 60. Bxe2 Rxe2 {[%mdl 4096] Endgame KR-KR} 61. Rc6 Kg6 62. Rc8 ({White should play} 62. a6 $16) 62... Kg5 $11 63. Kg3 {And now c5 would win.} Re3+ 64. Kf2 Ra3 65. Rc5+ Kf4 {Strongly threatening ...g3+.} 66. g3+ Ke4 67. Rc6 Ra2+ 68. Ke1 Rxa5 69. Rxf6 Ke3 {[%cal Ra5a1]} 70. Kd1 Ra1+ 71. Kc2 Rg1 72. c5 {c6 is the strong threat.} Rxg3 73. c6 {Intending c7 and mate.} Rh3 74. Kc3 g3 75. Kc4 g2 76. Rg6 Kf2 77. c7 Rh8 {Hoping for ...Rc8.} 78. Kc5 g1=Q 79. Rg5 $2 {[%mdl 8192]} Qg3 $2 80. Rxg3 {Both players deserved the win here.  Weighted Error Value: White=0.20 (precise) /Black=0.30} 1/2-1/2

[Event "WALTON 40th BAN-ch U20 Open 2022"]
[Site "Dhaka"]
[Date "2022.02.22"]
[Round "8.3"]
[White "Noshin, Anjum"]
[Black "Mortuza Mahathir, Islam"]
[Result "1-0"]
[WhiteElo "2017"]
[BlackElo "1877"]
[Annotator "TA"]
[PlyCount "55"]
[EventDate "2022.02.15"]
[EventType "swiss"]
[EventCountry "BAN"]
[SourceTitle "playchess.com"]
[Source "ChessBase"]
[SourceQuality "1"]

{[%evp 22,55,28,11,39,31,47,42,50,33,64,43,52,46,58,14,22,18,40,41,42,19,68,82,47,45,53,51,52,50,192,187,246,242,321,286]} 1. e4 c5 2. Nf3 {[%cal Bg1f3,Bf3d4,Bd4b5][%mdl 32]} e6 3. d4 cxd4 4. Nxd4 Nf6 5. Nc3 Nc6 6. Ndb5 Bb4 7. a3 Bxc3+ 8. Nxc3 d5 9. Bd3 dxe4 10. Nxe4 Nxe4 11. Bxe4 Qxd1+ 12. Kxd1 O-O {B45: Sicilian Four Knights.} 13. Be3 f5 14. Bxc6 bxc6 {[#] White is slightly better.} 15. Kc1 $146 ({Predecessor:} 15. Kd2 e5 16. Kc3 Be6 17. Rhe1 Bd5 18. Bc5 Rfe8 19. g3 Bf3 20. b4 e4 21. a4 {½-½ (28) Diaz,J-Schneider,D Hessen 1991}) 15... e5 16. Rd1 Be6 17. b3 a5 18. f3 (18. a4 $14 {feels stronger.}) 18... a4 $11 19. Kb2 axb3 20. cxb3 Bd5 21. b4 (21. Bc5 $5 {[%cal Rc5f8]}) 21... f4 (21... Ra4 $11) 22. Bc5 $14 Rfe8 23. Rd2 e4 24. fxe4 Rxe4 25. a4 {[%cal Ba3a4,Ba4a5,Ba5a6][%mdl 32]} f3 ({Black should try} 25... h5 $14) 26. gxf3 $18 Rf4 (26... Re5 {was worth a try.} 27. a5 Ra6) 27. a5 Bc4 28. a6 {Weighted Error Value: White=0.08 (flawless) /Black=0.38} 1-0